LEADER 02557 am 22005533u 450 001 9910135397503321 005 20230621141328.0 010 $a1-925021-87-4 035 $a(CKB)3810000000000124 035 $a(MiAaPQ)EBC4567404 035 $a(WaSeSS)IndRDA00058520 035 $a(oapen)https://directory.doabooks.org/handle/20.500.12854/38829 035 $a(EXLCZ)993810000000000124 100 $a20181018d2014 uy 0 101 0 $aeng 135 $aurm|#---uuuuu 181 $ctxt$2rdacontent 182 $cc$2rdamedia 183 $acr$2rdacarrier 200 00$aStudies in Australian political rhetoric /$fedited by John Uhr and Ryan Walter 210 $cANU Press$d2014 210 1$aCanberra, ACT :$cANU E Press,$d[2014] 210 4$d©2014 215 $a1 online resource (ix, 248 pages) $cillustrations; digital, PDF file(s) 311 08$aPrint version: 9781925021868 320 $aIncludes bibliographical references. 330 $aThis edited collection includes eleven major case studies and one general review of rhetorical contest in Australian politics. The volume showcases the variety of methods available for studying political speech, including historical, theoretical, institutional, and linguistic analyses, and demonstrates the centrality of language use to democratic politics. The chapters reveal errors in rhetorical strategy, the multiple and unstable standards for public speech in Australia, and the links between rhetoric and action. The length of Australian political speech is traversed, from pre-Federation to the Gillard minority government (2010?13), and the topics similarly range from Alfred Deakin?s nation building to Kevin Rudd?s Apology to the Stolen Generations. This fresh collection is intended to stimulate and advance the study of political rhetoric in Australia. 606 $aCommunication in politics$zAustralia 606 $aPolitics and literature$zAustralia 610 $aaustralia 610 $apolitics 610 $arhetoric 610 $aAboriginal Australians 610 $aAlfred Deakin 610 $aEconomic rationalism 610 $aJulia Gillard 610 $aKevin Rudd 615 0$aCommunication in politics 615 0$aPolitics and literature 676 $a320.014 700 $aUhr$b John$4auth$0801567 702 $aUhr$b John 702 $aWalter$b Ryan 801 0$bMiAaPQ 801 2$bUkMaJRU 906 $aBOOK 912 $a9910135397503321 996 $aStudies in Australian political rhetoric$93387284 997 $aUNINA LEADER 03764oam 22006974a 450 001 9910155156503321 005 20190322165812.0 010 $a9781771120739 010 $a1771120738 010 $a9781771120722 010 $a177112072X 024 7 $a10.51644/9781771120722 035 $a(CKB)3710000000966445 035 $a(MiAaPQ)EBC4767157 035 $a(MdBmJHUP)muse56091 035 $a(OCoLC)962412109 035 $a(PPN)25053858X 035 $a(DE-B1597)667624 035 $a(DE-B1597)9781771120722 035 $a(FR-PaCSA)88899366 035 $a(FRCYB88899366)88899366 035 $a(Perlego)1706897 035 $a(EXLCZ)993710000000966445 100 $a20160408d2016 uy 0 101 0 $aeng 135 $aurcnu|||||||| 181 $2rdacontent 182 $2rdamedia 183 $2rdacarrier 200 10$aIn Due Season /$fChristine van der Mark 210 1$aWaterloo, Ontario :$cWilfrid Laurier University Press,$d2016. 210 4$d©2016 215 $a1 online resource (367 pages) 225 1 $aEarly Canadian literature 311 08$a9781771120715 311 08$a1771120711 320 $aIncludes bibliographical references. 327 $tFront Matter -- $tContents -- $tSeries Editor's Preface -- $tIn Due Season -- $tChapter I -- $tChapter II -- $tChapter III -- $tChapter IV -- $tChapter V -- $tChapter VI -- $tChapter VII -- $tChapter VIII -- $tChapter IX -- $tChapter X -- $tChapter XI -- $tChapter XII -- $tChapter XIII -- $tChapter XIV -- $tChapter XV -- $tChapter XVI -- $tChapter XVII -- $tChapter XVIII -- $tChapter XIX -- $tChapter XX -- $tChapter XXI -- $tChapter XXII -- $tChapter XXIII -- $tChapter XXIV -- $tChapter XXV -- $tChapter XXVI -- $tChapter XXVII -- $tChapter XXVIII -- $tAfterword -- $tBooks in the Early Canadian Literature Series 330 $aFirst published in 1947, In Due Season broke new ground with its fictional representation of women and of Indigenous people. Set during the dustbowl 1930s, this tersely narrated prize-winning novel follows Lina Ashley, a determined solo female homesteader who takes her family from drought-ridden southern Alberta to a new life in the Peace River region. Here her daughter Poppy grows up in a community characterized by harmonious interactions between the local Métis and newly arrived European settlers. Still, there is tension between mother and daughter when Poppy becomes involved with a Métis lover. This novel expands the patriarchal canon of Canadian prairie fiction by depicting the agency of a successful female settler and, as noted by Dorothy Livesay, was "one of the first, if not the first Canadian novel wherein the plight of the Native Indian and the Métis is honestly and painfully recorded." The afterword by Carole Gerson and Janice Dowson provides substantial information about author Christine van der Mark and situates her under-acknowledged book within the contexts of Canadian social, literary, and publishing history. 410 0$aEarly Canadian literature series. 606 $aLITERARY CRITICISM / General$2bisacsh 608 $aElectronic books. 610 $aAlberta literature. 610 $aCanadian fiction. 610 $aCanadian women writers. 610 $aGreat Depression. 610 $aIndigenous communities. 610 $aMétis in Canadian literature. 610 $aNorthern literature. 610 $afemale protagonists. 610 $amodernism. 610 $arural communities. 615 7$aLITERARY CRITICISM / General. 676 $a813.54 700 $aVan der Mark$b Christine$f1917-1970,$0940266 801 0$bMdBmJHUP 801 1$bMdBmJHUP 906 $aBOOK 912 $a9910155156503321 996 $aIn Due Season$92120281 997 $aUNINA